Studies on the evaluation of the half-sib progenies to identify the prepotency of the mother clones of Hevea brasiliensis in Meghalaya (Record no. 49219)

MARC details
000 -LEADER
fixed length control field 00677nam a2200229Ia 4500
100 ## - MAIN ENTRY--AUTHOR NAME
Personal name Chandra U
245 #0 - TITLE STATEMENT
Title Studies on the evaluation of the half-sib progenies to identify the prepotency of the mother clones of Hevea brasiliensis in Meghalaya
260 ## - PUBLICATION, DISTRIBUTION, ETC. (IMPRINT)
Name of publisher International Journal of Bio-resource and Stress Management
Year of publication 2016
300 ## - PHYSICAL DESCRIPTION
Number of Pages 1063-1067
650 ## - SUBJECT ADDED ENTRY--TOPICAL TERM
Topical Term Girth
650 ## - SUBJECT ADDED ENTRY--TOPICAL TERM
Topical Term Half-sib progenies
650 ## - SUBJECT ADDED ENTRY--TOPICAL TERM
Topical Term Mother Hevea clones
650 ## - SUBJECT ADDED ENTRY--TOPICAL TERM
Topical Term Prepotency
650 ## - SUBJECT ADDED ENTRY--TOPICAL TERM
Topical Term Yield
700 ## - ADDED ENTRY--PERSONAL NAME
Personal name Das G
700 ## - ADDED ENTRY--PERSONAL NAME
Personal name Mydin K.K
700 ## - ADDED ENTRY--PERSONAL NAME
Personal name Panda P
700 ## - ADDED ENTRY--PERSONAL NAME
Personal name Reju M.J
700 ## - ADDED ENTRY--PERSONAL NAME
Personal name Singh R.P
942 ## - ADDED ENTRY ELEMENTS (KOHA)
Koha item type Bibliography STAF
Holdings
Withdrawn status Lost status Damaged status Not for loan Home library Current library Shelving location Date acquired Serial Enumeration / chronology Koha item type
      Bibliography RRII Library RRII Library Botany 01/01/2018 Volume 7, Issue 5 Bibliography STAF